| 000 | 01497cam a2200349 a 4500 | ||
|---|---|---|---|
| 001 | 13809875 | ||
| 003 | OSt | ||
| 005 | 20170803223043.0 | ||
| 008 | 041208s2006 nyua 000 0 eng | ||
| 010 | _a 2004065481 | ||
| 020 | _a9780194302098 | ||
| 040 |
_aDLC _cDLC _dDLC |
||
| 050 | 0 | 0 |
_aPE1128 _b.R46 2005 |
| 082 | 0 | 0 |
_a428.34 _222 _bRJP |
| 100 | 1 |
_aRichards, Jack C., _d1943- _950728 |
|
| 245 | 1 | 0 |
_aPerson to person : _bcommunicative speaking and listening skills / _cJack C. Richards, David Bycina, Ingrid Wisniewska. |
| 250 | _a3rd ed. | ||
| 260 |
_aNew York : _bOxford, _c2006. |
||
| 300 |
_av, 124 p. : _bill. (some col.) ; _c28 cm. + _e1 sound disc (4 3/4 in.) |
||
| 500 | _aRev. ed. of: New person to person student book. New York : Oxford University Press, c1995- | ||
| 505 | 0 | _aStudent book 1 -- Student book 2. | |
| 650 | 0 |
_aEnglish language _vTextbooks for foreign speakers. _958563 |
|
| 650 | 0 |
_aEnglish language _xSpoken English _vProblems, exercises, etc. _95078 |
|
| 650 | 0 |
_aOral communication _vProblems, exercises, etc. _95079 |
|
| 650 | 0 |
_aListening _vProblems, exercises, etc. _95080 |
|
| 700 | 1 |
_aBycina, David. _958564 |
|
| 700 | 1 |
_aWisniewska, Ingrid. _958565 |
|
| 700 | 1 |
_aRichards, Jack C., _d1943- _tNew person to person student book. _958566 |
|
| 906 |
_a7 _bcbc _corignew _d1 _eocip _f20 _gy-gencatlg |
||
| 942 |
_2ddc _cBOOK |
||
| 999 |
_c40446 _d310066 |
||